| 000 | 00683cam a22002294a 4500 | ||
|---|---|---|---|
| 001 | 13692094 | ||
| 005 | 20180316043354.0 | ||
| 008 | 040819s2006 caua 001 0 eng | ||
| 010 | _a 2004051267 | ||
| 020 | _a0805376933 | ||
| 040 |
_aDLC _cDLC _dDLC |
||
| 041 | _aeng | ||
| 042 | _apcc | ||
| 080 | _a579 BAU | ||
| 082 | 0 | 0 |
_a579 BAU _222 |
| 100 | 1 | _a11 | |
| 101 | _aMIK | ||
| 245 | 1 | 0 |
_aMicrobiology / _cRobert W. Bauman ; contributions by Elizabeth Machunis-Masuoka, Ian Tizard. |
| 906 |
_a7 _bcbc _corignew _d1 _eocip _f20 _gy-gencatlg |
||
| 942 |
_2ddc _cBK |
||
| 999 |
_c45200 _d45200 |
||